000 01077cam a2200337 a 4500
001 2405479
003 OSt
005 20140310182246.0
008 860613s1986 nyu j 000 1 eng
010 _a 86014911
020 _a0374347964 :
_c$12.95
020 _a0440227704
_c$50.00
040 _aDLC
_cDLC
_dDLC
042 _alcac
050 0 0 _aPZ 7
_b.L5385 1998
082 0 0 _aFIC
_bL46m 1986
100 1 _aL'Engle, Madeleine.
_96070
245 1 0 _aMany waters /
_cMadeleine L'Engle.
250 _a1st ed.
260 _aNew York :
_bFarrar, Straus, Giroux,
_cc1986.
300 _a310 p. ;
_c18 cm.
541 _j1
562 _e1
650 1 _aScience fiction
650 1 _aTitle.
_9403
710 2 _aJuvenile Collection (Library of Congress)
_5DLC
_93833
856 4 2 _3Publisher description
_uhttp://www.loc.gov/catdir/enhancements/fy0601/86014911-d.html
856 4 2 _3Contributor biographical information
_uhttp://www.loc.gov/catdir/enhancements/fy1113/86014911-b.html
906 _a7
_bcbc
_corignew
_d1
_eocip
_f19
_gy-gencatlg
942 _2lcc
_cBK-FIC
999 _c11241
_d11241